東京メトロ駅別乗降客数ランキング - Statistics

General Stats
  • This quiz has been taken 395 times
  • The average score is 40 of 100
Answer Stats
駅名 乗降客数(人/日) 路線 % Correct
1 池袋 403,964 丸ノ内線・有楽町線・副都心線
99%
5 大手町 238,306 丸ノ内線・東西線・千代田線・半蔵門線
85%
3 西船橋 314,331 東西線
77%
4 小竹向原 256,651 有楽町線・副都心線
77%
6 北千住 198,711 日比谷線・千代田線
74%
2 綾瀬 321,845 千代田線
73%
9 銀座 158,810 銀座線・丸ノ内線・日比谷線
72%
7 九段下 196,642 東西線・半蔵門線
70%
8 新宿 160,781 丸ノ内線
68%
10 豊洲 148,607 有楽町線
65%
16 渋谷 131,457 銀座線・半蔵門線・副都心線
63%
13 高田馬場 136,847 東西線
61%
12 押上 137,245 半蔵門線
60%
15 表参道 133,378 銀座線・千代田線・半蔵門線
60%
14 上野 135,927 銀座線・日比谷線
58%
20 飯田橋 119,584 東西線・有楽町線・南北線
58%
11 新橋 147,141 銀座線
57%
18 日本橋 128,765 銀座線・東西線
57%
17 東京 131,037 丸ノ内線
56%
22 新宿三丁目 110,177 丸ノ内線・副都心線
56%
21 霞ヶ関 110,710 丸ノ内線・日比谷線・千代田線
53%
19 西日暮里 128,550 千代田線
52%
24 市ヶ谷 102,747 有楽町線・南北線
52%
29 茅場町 83,986 日比谷線・東西線
51%
23 有楽町 103,877 有楽町線
50%
26 三越前 87,579 銀座線・半蔵門線
50%
25 東陽町 96,170 東西線
48%
27 四ツ谷 87,459 丸ノ内線・南北線
48%
30 門前仲町 83,052 東西線
47%
40 明治神宮前 72,293 千代田線・副都心線
46%
42 青山一丁目 70,199 銀座線・半蔵門線
45%
31 葛西 81,519 東西線
44%
32 錦糸町 79,913 半蔵門線
44%
38 後楽園 72,651 丸ノ内線・南北線
44%
28 秋葉原 86,073 日比谷線
43%
33 西葛西 79,655 東西線
43%
34 六本木 78,691 日比谷線
42%
39 日比谷 72,417 日比谷線・千代田線
42%
41 新木場 71,568 有楽町線
42%
46 赤坂見附 66,327 銀座線・丸ノ内線
42%
36 恵比寿 76,424 日比谷線
40%
37 赤羽岩淵 74,273 南北線
39%
43 荻窪 69,821 丸ノ内線
39%
61 永田町 55,754 有楽町線・半蔵門線・南北線
38%
49 浅草 63,485 銀座線
37%
80 地下鉄成増 40,561 有楽町線・副都心線
37%
93 地下鉄赤塚 33,096 有楽町線・副都心線
37%
47 浦安 65,344 東西線
36%
60 溜池山王 56,274 銀座線・南北線
36%
94 要町 32,835 有楽町線・副都心線
36%
100 氷川台 31,919 有楽町線・副都心線
36%
35 八丁堀 77,337 日比谷線
35%
44 新御茶ノ水 69,707 千代田線
35%
48 神保町 64,516 半蔵門線
35%
85 平和台 35,086 有楽町線・副都心線
35%
97 千川 32,057 有楽町線・副都心線
34%
45 虎ノ門 69,501 銀座線
33%
51 木場 60,085 東西線
33%
54 中野坂上 59,580 丸ノ内線
32%
56 早稲田 58,991 東西線
31%
58 半蔵門 56,541 半蔵門線
31%
50 西新宿 61,742 丸ノ内線
30%
53 赤坂 59,699 千代田線
30%
65 水天宮前 51,091 半蔵門線
30%
52 神谷町 59,759 日比谷線
29%
62 月島 52,719 有楽町線
29%
67 南砂町 49,803 東西線
29%
74 清澄白河 43,825 半蔵門線
29%
63 外苑前 52,494 銀座線
28%
73 住吉 44,366 半蔵門線
28%
57 茗荷谷 57,275 丸ノ内線
27%
66 町屋 50,919 千代田線
27%
69 王子 46,405 南北線
27%
71 行徳 45,581 東西線
27%
81 神田 39,958 銀座線
27%
98 神楽坂 32,028 東西線
27%
64 六本木一丁目 51,319 南北線
26%
76 南行徳 42,494 東西線
26%
79 妙典 41,366 東西線
26%
90 竹橋 34,224 東西線
26%
96 東池袋 32,410 有楽町線
26%
55 東銀座 59,287 日比谷線
25%
59 人形町 56,276 日比谷線
25%
72 麹町 44,936 有楽町線
25%
75 淡路町 43,816 丸ノ内線
25%
82 京橋 39,627 銀座線
25%
92 銀座一丁目 33,189 有楽町線
25%
68 広尾 47,467 日比谷線
24%
70 築地 46,259 日比谷線
24%
78 江戸川橋 41,470 有楽町線
24%
83 本郷三丁目 39,382 丸ノ内線
24%
86 麻布十番 34,826 南北線
24%
87 三ノ輪 34,780 日比谷線
24%
89 護国寺 34,232 有楽町線
24%
84 新宿御苑前 38,073 丸ノ内線
23%
95 仲御徒町 32,426 日比谷線
23%
99 方南町 32,003 丸ノ内線
23%
77 御茶ノ水 42,427 丸ノ内線
22%
88 四谷三丁目 34,301 丸ノ内線
22%
91 北綾瀬 33,456 千代田線
22%
No matching quizzes found
Score Distribution
Percent of People with Each Score
Percentile by Number Answered
Your Score History
You have not taken this quiz